Biblioteca y Centro de Documentación

Dictamen 5-1994, sobre el Anteproyecto de Ley de Modernización de las Explotaciones Agrarias (Registro nro. 43891)

Detalles MARC
000 -CABECERA
Longitud fija campo de control 01683nam a2200397 c 4500
001 - NÚMERO DE CONTROL
Número de control 43891
003 - IDENTIFICADOR DE NÚMERO DE CONTROL
Identificador del número de control ES-MaCES
005 - FECHA Y HORA DE LA ÚLTIMA TRANSACCIÓN
Fecha y hora de la última transacción 20210726135457.0
007 - PHYSICAL DESCRIPTION FIXED FIELD--GENERAL INFORMAT
Campo fijo de descripción física cr |||||||||||
008 - CAMPO FIJO DE DESCRIPCIÓN FIJA--INFORMACIÓN GENERAL
Códigos de información de longitud fija   981125s1994 sp |||||||||||00||0 spa|d
035 ## - NÚMERO DE CONTROL DEL SISTEMA
Número de control del sistema 0008600000015
040 ## - FUENTE DE CATALOGACIÓN
Centro catalogador de origen ES-MaCES
Lengua de catalogación spa
Centro transcriptor ES-MaCES
245 00 - MENCIÓN DE TÍTULO
Título Dictamen 5-1994, sobre el Anteproyecto de Ley de Modernización de las Explotaciones Agrarias
300 ## - DESCRIPCIÓN FÍSICA
Extensión 50 p. (85 Kb.)
593 ## - CES. DATOS DICTAMEN
Comisión de trabajo Agricultura, Pesca y Políticas Sectoriales
Identificador D-005-1994
Fecha dictamen 19940706
Tipo sesión Pleno ordinario
Votos aprobados Presentes 42, Si 39, No 1 y Abstenciones 2
Votos particulares ASAJA
-- COAG
-- CC.OO.
-- D. Miguel Iriondo Azurmendi del Sector Marítimo Pesquero
650 #4 - ASIENTO SECUNDARIO DE MATERIA--TÉRMINO DE MATERIA
Término de materia o nombre geográfico como elemento inicial política comunitaria
9 (RLIN) 30776
650 #4 - ASIENTO SECUNDARIO DE MATERIA--TÉRMINO DE MATERIA
Término de materia o nombre geográfico como elemento inicial política agraria
9 (RLIN) 27494
650 #4 - ASIENTO SECUNDARIO DE MATERIA--TÉRMINO DE MATERIA
Término de materia o nombre geográfico como elemento inicial asociación agropecuaria
9 (RLIN) 29774
650 #4 - ASIENTO SECUNDARIO DE MATERIA--TÉRMINO DE MATERIA
Término de materia o nombre geográfico como elemento inicial desarrollo agrícola
9 (RLIN) 27491
650 #4 - ASIENTO SECUNDARIO DE MATERIA--TÉRMINO DE MATERIA
Término de materia o nombre geográfico como elemento inicial modernización
9 (RLIN) 27016
650 #4 - ASIENTO SECUNDARIO DE MATERIA--TÉRMINO DE MATERIA
Término de materia o nombre geográfico como elemento inicial empresa agrícola
9 (RLIN) 27511
650 #4 - ASIENTO SECUNDARIO DE MATERIA--TÉRMINO DE MATERIA
Término de materia o nombre geográfico como elemento inicial agricultura
9 (RLIN) 27489
653 10 - TÉRMINO DE INDEXACIÓN--NO CONTROLADO
Término no controlado Agricultura-Ganadería
700 1# - ENCABEZAMIENTO SECUNDARIO--NOMBRE PERSONAL
Nombre de persona Matía Prim, Javier
Término indicativo de función interviniente
9 (RLIN) 18147
700 1# - ENCABEZAMIENTO SECUNDARIO--NOMBRE PERSONAL
Nombre de persona Espinosa Fernández, Luis
Término indicativo de función interviniente
9 (RLIN) 11427
700 1# - ENCABEZAMIENTO SECUNDARIO--NOMBRE PERSONAL
Nombre de persona Marín García, Francisco
Término indicativo de función interviniente
9 (RLIN) 17556
700 1# - ENCABEZAMIENTO SECUNDARIO--NOMBRE PERSONAL
Nombre de persona Barato Triguero, Pedro
Término indicativo de función interviniente
9 (RLIN) 7045
700 1# - ENCABEZAMIENTO SECUNDARIO--NOMBRE PERSONAL
Nombre de persona González del Castillo, José Luis
Término indicativo de función interviniente
9 (RLIN) 13784
700 1# - ENCABEZAMIENTO SECUNDARIO--NOMBRE PERSONAL
Nombre de persona Moraleda Quílez, Fernando
Término indicativo de función interviniente
9 (RLIN) 18996
700 1# - ENCABEZAMIENTO SECUNDARIO--NOMBRE PERSONAL
Nombre de persona Moraleda Quílez, Fernando
Término indicativo de función ponente
9 (RLIN) 18996
710 1# - ENCABEZAMIENTO SECUNDARIO--NOMBRE CORPORATIVO
Nombre de entidad o nombre de jurisdicción como elemento inicial España
Unidad subordinada Ministerio de Agricultura, Pesca y Alimentación
Término indicativo de función solicitante
9 (RLIN) 3225
856 ## - ACCESO ELECTRÓNICO
Identificador Uniforme del Recurso (URI) <a href="http://www.ces.es/documents/DIC/1994/05">http://www.ces.es/documents/DIC/1994/05</a>
Texto del enlace texto completo
902 ## - CES. TIPO DE DOCUMENTO
Tipodoc (006$c Sirtex) Dictamen
942 ## - ELEMENTOS KOHA
Fuente de clasificaión o esquema Clasificación propia del CES
Koha [por defecto] tipo de item Dictámenes/Informes/Memorias CES
Parte de clasificación 5.0.

No hay ítems disponibles.

© CES, Consejo Económico y Social de España 2021